[Event "Belgrade tt"]
[Site "Belgrade"]
[Date "2008.02.23"]
[Round "8"]
[White "Dena, Branislav"]
[Black "Mihic, Bojan"]
[Result "0-1"]
[WhiteElo "2289"]
[BlackElo "2404"]
[PlyCount "70"]
[EventDate "2008.02.16"]
[EventType "team"]
[EventRounds "12"]
[EventCountry "YUG"]
[SourceTitle "CBM 123 Extra"]
[Source "ChessBase"]
[SourceDate "2008.05.06"]
[SourceVersion "1"]
[SourceVersionDate "2008.05.06"]
[SourceQuality "1"]

1. e4 e6 2. d4 d5 3. Nc3 Bb4 4. e5 c5 5. a3 Bxc3+ 6. bxc3 Qc7 7. Nf3 Ne7 8. a4 b6 9. Bb5+ Bd7 10. Bd3 Nbc6 11. 0-0 h6 12. Ba3 Na5 13. Nd2 0-0 14. c4 Bxa4 15. dxc5 bxc5 16. Qg4 Bd7 17. f4 Nxc4 18. Nxc4 dxc4 19. Bxc4 Nf5 20. Rf3 Rfd8 21. Bd3 Rab8 22. Raf1 Bb5 23. Bxb5 Rxb5 24. Rc3 Qa5 25. Qh3 Nd4 26. Kh1 Rdb8 27. Rd3 Rb1 28. Bc1 Qa2 29. f5 exf5 30. Rg3 R8b6 31. Rd3 Qxc2 32. Rdd1 Ne2 33. Rd8+ Kh7 34. Rd2 Rxc1 35. g3 Qe4+ 0-1

[Event "Belgrade tt"]
[Site "Belgrade"]
[Date "2008.02.22"]
[Round "7"]
[White "Vasovski, Nikola"]
[Black "Dena, Branislav"]
[Result "0-1"]
[WhiteElo "2368"]
[BlackElo "2289"]
[PlyCount "94"]
[EventDate "2008.02.16"]
[EventType "team"]
[EventRounds "12"]
[EventCountry "YUG"]
[SourceTitle "CBM 123 Extra"]
[Source "ChessBase"]
[SourceDate "2008.05.06"]
[SourceVersion "1"]
[SourceVersionDate "2008.05.06"]
[SourceQuality "1"]

1. d4 Nf6 2. c4 g6 3. Nf3 Bg7 4. g3 0-0 5. Bg2 d6 6. 0-0 Nc6 7. d5 Na5 8. Nfd2 c5 9. Qc2 e5 10. Nc3 Ne8 11. a3 b6 12. b4 Nb7 13. Bb2 f5 14. e3 g5 15. f4 gxf4 16. exf4 e4 17. Ne2 Nf6 18. Rfe1 Bd7 19. b5 Rf7 20. Nf1 Qe7 21. Ne3 Qf8 22. Bh3 Nh5 23. Kf2 Bxb2 24. Qxb2 Qh6 25. Rg1 Raf8 26. Ke1 Rg7 27. Kd2 Na5 28. Qc3 Rff7 29. Raf1 Kf8 30. Bg2 Nf6 31. h3 Rg8 32. Rf2 Nh5 33. Bf1 Rfg7 34. Rfg2 Nf6 35. Rf2 Kf7 36. Bg2 Nh5 37. g4 fxg4 38. hxg4 Bxg4 39. Bxe4 Bxe2 40. Nf5 Qf6 41. Qxf6+ Nxf6 42. Rxg7+ Rxg7 43. Nxd6+ Kf8 44. Rxe2 Rd7 45. Nf5 Nxc4+ 46. Kc3 Nxa3 47. Bd3 Nxd5+ 0-1

[Event "Belgrade tt Cup"]
[Site "Belgrade"]
[Date "2003.04.04"]
[Round "1"]
[White "Nikolic, Marko"]
[Black "Dena, Branislav"]
[Result "1-0"]
[WhiteElo "2040"]
[BlackElo "2302"]
[PlyCount "73"]
[EventDate "2003.04.04"]
[EventType "team"]
[EventRounds "5"]
[EventCountry "YUG"]
[SourceTitle "CBM 093 Extra"]
[Source "ChessBase"]
[SourceDate "2003.05.09"]
[SourceVersion "1"]
[SourceVersionDate "2003.05.09"]
[SourceQuality "1"]

1. e4 c5 2. Nf3 e6 3. d4 cxd4 4. Nxd4 Qb6 5. Nb3 Nc6 6. Be3 Qc7 7. a3 Nf6 8. Nc3 Be7 9. Be2 0-0 10. 0-0 Rd8 11. f4 d5 12. e5 Nd7 13. Bd3 Nf8 14. Qg4 f5 15. Qh5 a6 16. Ne2 Bd7 17. g4 g6 18. Qh6 d4 19. Nexd4 Nxd4 20. Nxd4 Bc5 21. gxf5 exf5 22. c3 Bc6 23. Rae1 Bxd4 24. cxd4 Bd5 25. Rc1 Qd7 26. Rc3 Ne6 27. Rfc1 b5 28. Bf2 Bb7 29. Bxf5 gxf5 30. Rg3+ Kh8 31. Qf6+ Ng7 32. e6 Rf8 33. Qe5 Qe7 34. Rc7 Qf6 35. Rgxg7 Qxe5 36. Rxh7+ Kg8 37. dxe5 1-0

[Event "Belgrade TS04 IM"]
[Site "Belgrade"]
[Date "2001.04.28"]
[Round "8"]
[White "Dena, Branislav"]
[Black "Johnsen, Sverre"]
[Result "1/2-1/2"]
[WhiteElo "2306"]
[BlackElo "2170"]
[PlyCount "190"]
[EventDate "2001.04.21"]
[EventType "tourn"]
[EventRounds "11"]
[EventCountry "YUG"]
[EventCategory "1"]
[SourceTitle "CBM 082 Extra"]
[Source "ChessBase"]
[SourceDate "2001.07.03"]
[SourceVersion "1"]
[SourceVersionDate "2001.07.03"]
[SourceQuality "1"]

1. e4 c5 2. Nf3 Qb6 3. g3 Nc6 4. Bg2 g6 5. 0-0 Bg7 6. Nc3 e6 7. d3 Nge7 8. Nd2 Nd4 9. Nc4 Qc7 10. e5 Bxe5 11. Nxe5 Qxe5 12. Bf4 Qg7 13. Ne4 d5 14. Nxc5 e5 15. Bd2 0-0 16. f4 f6 17. fxe5 fxe5 18. Rxf8+ Qxf8 19. Bg5 Ne6 20. Nxe6 Bxe6 21. Qd2 Nf5 22. Qe2 Qc5+ 23. Kh1 d4 24. Re1 Rc8 25. Qxe5 Qxe5 26. Rxe5 Bxa2 27. Re2 Ne3 28. Bxe3 dxe3 29. c3 b5 30. Rxe3 a5 31. d4 b4 32. Bh3 Rb8 33. Be6+ Bxe6 34. Rxe6 Rc8 35. Ra6 bxc3 36. bxc3 Rxc3 37. Rxa5 Rd3 38. Rd5 Kf7 39. Rd7+ Ke6 40. Rxh7 Rxd4 41. Kg2 Kf5 42. Rf7+ Kg5 43. h3 Ra4 44. Rf2 Kh5 45. Rb2 Ra5 46. Rb3 Kg5 47. h4+ Kg4 48. Rb4+ Kh5 49. Kh3 Ra3 50. Rb5+ Kh6 51. Re5 Rb3 52. Kg2 Ra3 53. g4 Rb3 54. Re6 Rb2+ 55. Kf3 Rb7 56. Kf4 Rb4+ 57. Re4 Rb1 58. Re7 Rb4+ 59. Re4 Rb1 60. Rd4 Rf1+ 61. Ke5 Ra1 62. Rf4 Ra5+ 63. Ke6 Ra6+ 64. Ke5 Ra5+ 65. Ke4 Ra4+ 66. Kf3 Ra3+ 67. Kg2 Rb3 68. Rf3 Rb4 69. Kg3 Ra4 70. Rd3 Rb4 71. Rd6 Rb3+ 72. Kf4 Rb4+ 73. Kf3 Rb3+ 74. Ke4 Rb4+ 75. Rd4 Rb1 76. Ke5 Ra1 77. Rd6 Ra4 78. Rd4 Ra5+ 79. Ke6 Ra6+ 80. Ke5 Ra5+ 81. Kf4 Ra1 82. Re4 Rf1+ 83. Ke5 Ra1 84. Kf6 Rf1+ 85. Ke7 Ra1 86. Rf4 Ra7+ 87. Kf6 Ra6+ 88. Ke5 Ra5+ 89. Ke4 Ra4+ 90. Kf3 Ra3+ 91. Kg2 Rb3 92. Rf6 Rb2+ 93. Kf3 Rb3+ 94. Kf2 Rb2+ 95. Ke3 Rb3+ 1/2-1/2

[Event "Belgrade TS04 IM"]
[Site "Belgrade"]
[Date "2001.04.20"]
[Round "10"]
[White "Dena, Branislav"]
[Black "Ciric, Dragoljub M"]
[Result "1/2-1/2"]
[WhiteElo "2306"]
[BlackElo "2333"]
[PlyCount "96"]
[EventDate "2001.04.21"]
[EventType "tourn"]
[EventRounds "11"]
[EventCountry "YUG"]
[EventCategory "1"]
[SourceTitle "CBM 082 Extra"]
[Source "ChessBase"]
[SourceDate "2001.07.03"]
[SourceVersion "1"]
[SourceVersionDate "2001.07.03"]
[SourceQuality "1"]

1. e4 c6 2. d4 d5 3. e5 Bf5 4. Nc3 Qd7 5. h3 h6 6. f4 e6 7. Be3 b6 8. Nf3 c5 9. Bd3 Bxd3 10. Qxd3 Nc6 11. 0-0 cxd4 12. Nxd4 Nxd4 13. Bxd4 Ne7 14. Ne2 Nf5 15. c3 h5 16. g4 hxg4 17. hxg4 Nxd4 18. cxd4 g6 19. Kg2 0-0-0 20. Rh1 Be7 21. Rxh8 Rxh8 22. Rh1 Rxh1 23. Kxh1 Kb7 24. Kg2 a6 25. Qb3 Qc6 26. Nc3 b5 27. a3 Qb6 28. Ne2 Qa5 29. Qc3 Qa4 30. Kh3 Qd1 31. Ng3 Qg1 32. f5 Qd1 33. fxg6 fxg6 34. Qe3 g5 35. Qf2 Kc7 36. Qe3 Kd7 37. Ne2 a5 38. Kg2 b4 39. axb4 axb4 40. b3 Qc2 41. Qf3 Ke8 42. Kf2 Qd1 43. Qe3 Kd7 44. Kg2 Ke8 45. Qf3 Kd7 46. Kg3 Qe1+ 47. Kh3 Qd1 48. Kg2 Ke8 1/2-1/2

[Event "Nis op"]
[Site "Nis"]
[Date "1993.??.??"]
[Round "?"]
[White "Dena, Branislav"]
[Black "Prudnikova, Svetlana"]
[Result "1/2-1/2"]
[WhiteElo "2260"]
[BlackElo "2385"]
[PlyCount "46"]
[EventDate "1993.12.??"]
[EventType "swiss"]
[EventRounds "9"]
[EventCountry "YUG"]
[SourceTitle "EXT 1997"]
[Source "ChessBase"]
[SourceDate "1996.11.15"]
[SourceVersion "1"]
[SourceVersionDate "1996.11.15"]
[SourceQuality "1"]

1. g3 c5 2. Bg2 g6 3. e4 Bg7 4. Nc3 Nc6 5. d3 d6 6. Be3 e5 7. Nd5 Nce7 8. Nxe7 Nxe7 9. Qd2 Be6 10. Ne2 Qd7 11. c3 f5 12. f3 0-0 13. 0-0 Rac8 14. d4 fxe4 15. fxe4 Rxf1+ 16. Bxf1 cxd4 17. cxd4 d5 18. dxe5 dxe4 19. Qxd7 Bxd7 20. Rd1 Bg4 21. h3 Bxe2 22. Bxe2 Bxe5 23. g4 a6 1/2-1/2

[Event "Nis op"]
[Site "Nis"]
[Date "1993.??.??"]
[Round "?"]
[White "Ilic, Zoran S"]
[Black "Dena, Branislav"]
[Result "1-0"]
[WhiteElo "2390"]
[BlackElo "2260"]
[PlyCount "125"]
[EventDate "1993.12.??"]
[EventType "swiss"]
[EventRounds "9"]
[EventCountry "YUG"]
[SourceTitle "EXT 1997"]
[Source "ChessBase"]
[SourceDate "1996.11.15"]
[SourceVersion "1"]
[SourceVersionDate "1996.11.15"]
[SourceQuality "1"]

1. d4 Nf6 2. Nf3 g6 3. c4 Bg7 4. g3 d6 5. Bg2 0-0 6. 0-0 Nbd7 7. Nc3 e5 8. e4 c6 9. b3 Re8 10. h3 a5 11. Re1 h6 12. Rb1 Qc7 13. Be3 b6 14. Qd2 Kh7 15. a3 Bb7 16. Rec1 Rad8 17. d5 c5 18. Ne1 Ba6 19. Nd3 Rb8 20. Nb5 Bxb5 21. cxb5 Qd8 22. Nb2 Rf8 23. Nc4 Ne8 24. b4 axb4 25. axb4 Rc8 26. Ra1 cxb4 27. Ra6 Rb8 28. Qxb4 Nc5 29. Ra3 f5 30. f3 f4 31. gxf4 exf4 32. Bf2 Qg5 33. Qb1 Rf7 34. Kh1 Qe7 35. Rg1 Bf6 36. Bf1 Rg7 37. Rg4 h5 38. Rg1 Nd7 39. Ra7 Qd8 40. Qc1 g5 41. h4 Rc8 42. hxg5 Bxg5 43. Bh3 Rc7 44. Rxc7 Qxc7 45. Nxb6 Qxc1 46. Rxc1 Ne5 47. Bf5+ Kh6 48. Rc8 Nxf3 49. Rxe8 Bh4 50. Re6+ Kg5 51. Kg2 Bxf2 52. Kxf3 Bxb6 53. Rxd6 Be3 54. Ra6 Kh4 55. e5 Rg3+ 56. Ke4 Bc1 57. e6 f3 58. Ra1 Ba3 59. Rf1 Bc5 60. Rxf3 Rxf3 61. Kxf3 Kg5 62. Ke4 h4 63. Bh3 1-0

[Event "Nis op"]
[Site "Nis"]
[Date "1993.??.??"]
[Round "?"]
[White "Simic, Dusan"]
[Black "Dena, Branislav"]
[Result "1/2-1/2"]
[WhiteElo "2245"]
[BlackElo "2260"]
[PlyCount "48"]
[EventDate "1993.12.??"]
[EventType "swiss"]
[EventRounds "9"]
[EventCountry "YUG"]
[SourceTitle "EXT 1997"]
[Source "ChessBase"]
[SourceDate "1996.11.15"]
[SourceVersion "1"]
[SourceVersionDate "1996.11.15"]
[SourceQuality "1"]

1. d4 Nf6 2. Nf3 g6 3. c4 Bg7 4. g3 0-0 5. Bg2 d6 6. 0-0 Nbd7 7. Nc3 e5 8. e4 c6 9. h3 Re8 10. Re1 Qc7 11. Be3 h6 12. Qd2 Kh7 13. Rad1 a6 14. Qc2 b6 15. dxe5 dxe5 16. b4 Bb7 17. Nd2 Rad8 18. c5 b5 19. Nb3 Nf8 20. Na5 Bc8 21. Ne2 Ne6 22. f4 Nh5 23. Rf1 Nxg3 24. Nxg3 exf4 1/2-1/2

[Event "Liechtenstein op"]
[Site "Liechtenstein"]
[Date "1990.??.??"]
[Round "?"]
[White "Vanheste, Jeroen"]
[Black "Dena, Branislav"]
[Result "0-1"]
[WhiteElo "2380"]
[BlackElo "2260"]
[PlyCount "50"]
[EventDate "1990.??.??"]
[EventType "swiss"]
[EventRounds "9"]
[EventCountry "LIE"]
[SourceTitle "EXT 2000"]
[Source "ChessBase"]
[SourceDate "1999.11.16"]
[SourceVersion "1"]
[SourceVersionDate "1999.11.16"]
[SourceQuality "1"]

1. d4 f5 2. g3 Nf6 3. Bg2 e6 4. c4 d5 5. Nh3 c6 6. 0-0 Bd6 7. Bf4 Qe7 8. Nd2 0-0 9. Qc2 Na6 10. Bxd6 Qxd6 11. Nf4 e5 12. dxe5 Qxe5 13. cxd5 cxd5 14. Rfd1 Bd7 15. Nxd5 Qxe2 16. Nc3 Qh5 17. Bxb7 f4 18. Nce4 Ng4 19. Nf1 fxg3 20. Nexg3 Qh6 21. Rxd7 Nxf2 22. Bd5+ Kh8 23. Bxa8 Nh3+ 24. Kh1 Qb6 25. Qc3 Qg1# 0-1

[Event "Eger op"]
[Site "Eger"]
[Date "1989.??.??"]
[Round "?"]
[White "Kaposztas, Miklos"]
[Black "Dena, Branislav"]
[Result "1-0"]
[WhiteElo "2260"]
[BlackElo "2270"]
[PlyCount "112"]
[EventDate "1989.??.??"]
[EventType "swiss"]
[EventRounds "9"]
[EventCountry "HUN"]
[SourceTitle "EXT 1998"]
[Source "ChessBase"]
[SourceDate "1997.11.17"]
[SourceVersion "1"]
[SourceVersionDate "1997.11.17"]
[SourceQuality "1"]

1. d4 Nf6 2. c4 g6 3. Nc3 Bg7 4. e4 d6 5. Nge2 0-0 6. Ng3 e5 7. d5 c6 8. Be2 a6 9. 0-0 c5 10. a3 Ne8 11. b4 h5 12. Be3 h4 13. Nh1 b6 14. bxc5 bxc5 15. Qd2 f5 16. Bg5 Bf6 17. Bxf6 Qxf6 18. f3 Ng7 19. Nf2 Nh5 20. Nd3 f4 21. Rfb1 h3 22. Bf1 hxg2 23. Qxg2 Nd7 24. Nd1 Rf7 25. N1f2 Nf8 26. Rb6 Qd8 27. Rab1 Raa7 28. Ng4 Rh7 29. Be2 g5 30. Kf2 Ng6 31. Qg1 Nh4 32. Rb8 Rac7 33. Bf1 Rhg7 34. Bh3 Kh7 35. Qd1 Qe7 36. Ndxe5 Bxg4 37. Nxg4 Nf6 38. Qc2 Nxg4+ 39. Bxg4 Qe5 40. Qb2 Qd4+ 41. Qxd4 cxd4 42. Re8 Rb7 43. Rb4 a5 44. Rb5 a4 45. Re6 d3 46. Rxd6 Rxb5 47. cxb5 Ng2 48. Bf5+ Kg8 49. e5 d2 50. Rd8+ Kf7 51. Bc2 Ne3 52. Bxa4 d1Q 53. Bxd1 Nxd1+ 54. Ke1 Nc3 55. Rd7+ Kg6 56. Rxg7+ Kxg7 1-0

[Event "Eger op"]
[Site "Eger"]
[Date "1989.??.??"]
[Round "?"]
[White "Levacic, Damir"]
[Black "Dena, Branislav"]
[Result "0-1"]
[WhiteElo "2340"]
[BlackElo "2270"]
[PlyCount "70"]
[EventDate "1989.??.??"]
[EventType "swiss"]
[EventRounds "9"]
[EventCountry "HUN"]
[SourceTitle "EXT 1998"]
[Source "ChessBase"]
[SourceDate "1997.11.17"]
[SourceVersion "1"]
[SourceVersionDate "1997.11.17"]
[SourceQuality "1"]

1. e4 c5 2. Nf3 Nc6 3. Bb5 a6 4. Bxc6 bxc6 5. d4 cxd4 6. Qxd4 d6 7. Bg5 Qc7 8. 0-0 e5 9. Qd3 h6 10. Bh4 Ne7 11. c4 Ng6 12. Bg3 Be7 13. Nc3 Be6 14. Rac1 0-0 15. b4 f5 16. exf5 Bxf5 17. Ne4 Qb7 18. Nfd2 a5 19. a3 axb4 20. axb4 Qxb4 21. Rb1 Qa5 22. Rb7 Qa2 23. Rxe7 Nxe7 24. Qxd6 Bxe4 25. Qe6+ Kh7 26. Nxe4 Ng6 27. h4 Rae8 28. Qxc6 Rc8 29. Qd7 Rxc4 30. Nd6 Rd4 31. h5 Nf4 32. Qe7 Ne2+ 33. Kh2 Nxg3 34. Qxf8 Nxf1+ 35. Kg1 Rf4 0-1